<?xml version="1.0" encoding="UTF-8"?>
<record
    xmlns:xsi="http://www.w3.org/2001/XMLSchema-instance"
    xsi:schemaLocation="http://www.loc.gov/MARC21/slim http://www.loc.gov/standards/marcxml/schema/MARC21slim.xsd"
    xmlns="http://www.loc.gov/MARC21/slim">

  <leader>01304cam a2200277Ia 4500</leader>
  <controlfield tag="001">4252786</controlfield>
  <controlfield tag="005">20210414113944.0</controlfield>
  <controlfield tag="006">m        d        </controlfield>
  <controlfield tag="007">cr cn-</controlfield>
  <controlfield tag="008">030429s2002    enka    sb    001 0 eng d</controlfield>
  <datafield tag="020" ind1=" " ind2=" ">
    <subfield code="a">0749436646</subfield>
  </datafield>
  <datafield tag="040" ind1=" " ind2=" ">
    <subfield code="a">N$T</subfield>
    <subfield code="c">N$T</subfield>
  </datafield>
  <datafield tag="050" ind1="1" ind2="4">
    <subfield code="a">HF5415.125.R69</subfield>
    <subfield code="b"> </subfield>
  </datafield>
  <datafield tag="100" ind1="1" ind2=" ">
    <subfield code="a">Rowan, Will.</subfield>
  </datafield>
  <datafield tag="245" ind1="1" ind2="0">
    <subfield code="a">Digital marketing: using new technologies to get closer to your customers. /</subfield>
    <subfield code="h">[electronic resource] </subfield>
    <subfield code="c">Will Rowan.</subfield>
  </datafield>
  <datafield tag="260" ind1=" " ind2=" ">
    <subfield code="a">London :</subfield>
    <subfield code="b">Kogan Page,</subfield>
    <subfield code="c">2002.</subfield>
  </datafield>
  <datafield tag="300" ind1=" " ind2=" ">
    <subfield code="a">x, 246 p. :</subfield>
    <subfield code="b">ill. ;</subfield>
    <subfield code="c">24 cm.</subfield>
  </datafield>
  <datafield tag="504" ind1=" " ind2=" ">
    <subfield code="a">Includes bibliographical references and index.</subfield>
  </datafield>
  <datafield tag="505" ind1=" " ind2=" ">
    <subfield code="a">Contents: Introduction -- Digital marketing and customer consent -- Plannng marketing campaigns -- Building trusting relationships with customers -- Managing customer information -- Sustaining customer relationships -- Didgital customer service -- How to fragment digital media constructively -- Adding value by measuring and managing the return on investment in customers -- Marketing to digital communities -- Conclusion. </subfield>
  </datafield>
  <datafield tag="650" ind1=" " ind2="0">
    <subfield code="a">Marketing</subfield>
    <subfield code="x">Data processing.</subfield>
  </datafield>
  <datafield tag="655" ind1=" " ind2="7">
    <subfield code="a">Electronic books.</subfield>
    <subfield code="2">local</subfield>
  </datafield>
  <datafield tag="710" ind1="2" ind2=" ">
    <subfield code="a">NetLibrary, Inc.</subfield>
  </datafield>
  <datafield tag="856" ind1="4" ind2=" ">
    <subfield code="u">http://www.columbia.edu/cgi-bin/cul/resolve?clio4252786</subfield>
    <subfield code="z">Click here for full text.</subfield>
  </datafield>
  <datafield tag="942" ind1=" " ind2=" ">
    <subfield code="2">lcc</subfield>
    <subfield code="c">BK</subfield>
  </datafield>
  <datafield tag="999" ind1=" " ind2=" ">
    <subfield code="c">960</subfield>
    <subfield code="d">8460</subfield>
  </datafield>
  <datafield tag="952" ind1=" " ind2=" ">
    <subfield code="0">0</subfield>
    <subfield code="1">0</subfield>
    <subfield code="2">lcc</subfield>
    <subfield code="4">0</subfield>
    <subfield code="7">0</subfield>
    <subfield code="a">WIUC-1</subfield>
    <subfield code="b">WIUC-1</subfield>
    <subfield code="c">GEN</subfield>
    <subfield code="d">2012-05-23</subfield>
    <subfield code="l">0</subfield>
    <subfield code="o">HF5415.125.R69</subfield>
    <subfield code="p">2385/12</subfield>
    <subfield code="r">2012-05-23 00:00:00</subfield>
    <subfield code="t">1</subfield>
    <subfield code="w">2012-05-23</subfield>
    <subfield code="y">BK</subfield>
  </datafield>
  <datafield tag="952" ind1=" " ind2=" ">
    <subfield code="0">0</subfield>
    <subfield code="1">0</subfield>
    <subfield code="2">lcc</subfield>
    <subfield code="4">0</subfield>
    <subfield code="7">0</subfield>
    <subfield code="a">WIUC-1</subfield>
    <subfield code="b">WIUC-1</subfield>
    <subfield code="c">GEN</subfield>
    <subfield code="d">2012-05-23</subfield>
    <subfield code="l">0</subfield>
    <subfield code="o">HF5415.125.R691</subfield>
    <subfield code="p">2386/12</subfield>
    <subfield code="r">2012-05-23 00:00:00</subfield>
    <subfield code="t">2</subfield>
    <subfield code="w">2012-05-23</subfield>
    <subfield code="y">BK</subfield>
  </datafield>
  <datafield tag="952" ind1=" " ind2=" ">
    <subfield code="0">0</subfield>
    <subfield code="1">0</subfield>
    <subfield code="2">lcc</subfield>
    <subfield code="4">0</subfield>
    <subfield code="7">0</subfield>
    <subfield code="a">WIUC-1</subfield>
    <subfield code="b">WIUC-1</subfield>
    <subfield code="c">GEN</subfield>
    <subfield code="d">2012-05-23</subfield>
    <subfield code="l">0</subfield>
    <subfield code="o">HF5415.125.R692</subfield>
    <subfield code="p">2349/12</subfield>
    <subfield code="r">2012-05-23 00:00:00</subfield>
    <subfield code="t">3</subfield>
    <subfield code="w">2012-05-23</subfield>
    <subfield code="y">BK</subfield>
  </datafield>
  <datafield tag="952" ind1=" " ind2=" ">
    <subfield code="0">0</subfield>
    <subfield code="1">0</subfield>
    <subfield code="2">lcc</subfield>
    <subfield code="4">0</subfield>
    <subfield code="7">0</subfield>
    <subfield code="a">WIUC-1</subfield>
    <subfield code="b">WIUC-1</subfield>
    <subfield code="c">GEN</subfield>
    <subfield code="d">2012-05-23</subfield>
    <subfield code="l">0</subfield>
    <subfield code="o">HF5415.125.R693</subfield>
    <subfield code="p">2350/12</subfield>
    <subfield code="r">2012-05-23 00:00:00</subfield>
    <subfield code="t">4</subfield>
    <subfield code="w">2012-05-23</subfield>
    <subfield code="y">BK</subfield>
  </datafield>
  <datafield tag="952" ind1=" " ind2=" ">
    <subfield code="0">0</subfield>
    <subfield code="1">0</subfield>
    <subfield code="2">lcc</subfield>
    <subfield code="4">0</subfield>
    <subfield code="7">0</subfield>
    <subfield code="a">WIUC-1</subfield>
    <subfield code="b">WIUC-1</subfield>
    <subfield code="c">GEN</subfield>
    <subfield code="d">2012-05-23</subfield>
    <subfield code="l">0</subfield>
    <subfield code="o">HF5415.125.R694</subfield>
    <subfield code="p">2351/12</subfield>
    <subfield code="r">2012-05-23 00:00:00</subfield>
    <subfield code="t">5</subfield>
    <subfield code="w">2012-05-23</subfield>
    <subfield code="y">BK</subfield>
  </datafield>
</record>
